Basketball Players by Picture - Russia - Statistics

General Stats
  • This quiz has been taken 6 times
  • The average score is 8 of 20
Answer Stats
Picture Answer % Correct
Andrei Kirilenko
100%
Alexey Shved
80%
Nikita Kurbanov
60%
Timofey Mozgov
60%
Victor Khryapa
60%
Aleksey Savrasenko
40%
Andrey Vorontsevich
40%
J.R. Holden
40%
Sergei Monia
40%
Sergey Karasev
40%
Vasily Karasev
40%
Egor Demin
20%
Nikita Morgunov
20%
Sasha Kaun
20%
Sergei Bazarevich
20%
Sergei Belov
20%
Sergei Panov
20%
Valeri Tikhonenko
20%
Vitaly Fridzon
20%
Vladimir Tkachenko
20%
No matching quizzes found
Score Distribution
Percent of People with Each Score
Percentile by Number Answered
Your Score History
You have not taken this quiz